<?xml version="1.0" encoding="UTF-8"?>
<record
    xmlns:xsi="http://www.w3.org/2001/XMLSchema-instance"
    xsi:schemaLocation="http://www.loc.gov/MARC21/slim http://www.loc.gov/standards/marcxml/schema/MARC21slim.xsd"
    xmlns="http://www.loc.gov/MARC21/slim">

  <leader>02248cam a2200313   4500500</leader>
  <controlfield tag="005">20251228073441.0</controlfield>
  <datafield tag="041" ind1=" " ind2=" ">
    <subfield code="a">fre</subfield>
  </datafield>
  <datafield tag="042" ind1=" " ind2=" ">
    <subfield code="a">dc</subfield>
  </datafield>
  <datafield tag="100" ind1="1" ind2="0">
    <subfield code="a">Fukuda, Daisuke</subfield>
    <subfield code="e">author</subfield>
  </datafield>
  <datafield tag="245" ind1="0" ind2="0">
    <subfield code="a">L'engagement politique du marquis de Sade</subfield>
  </datafield>
  <datafield tag="260" ind1=" " ind2=" ">
    <subfield code="c">2007.
							</subfield>
  </datafield>
  <datafield tag="500" ind1=" " ind2=" ">
    <subfield code="a">1</subfield>
  </datafield>
  <datafield tag="520" ind1=" " ind2=" ">
    <subfield code="a">R&#xE9;sum&#xE9;Georges Bataille s&#x2019;est interrog&#xE9; &#xE0; plusieurs reprises sur la question de la peine de mort chez Sade. Pourquoi le marquis est-il contre la peine capitale&#xA0;? Une telle prise de position s&#x2019;&#xE9;claire certes compte tenu de l&#x2019;activit&#xE9; et des choix politiques de Sade dans le contexte de la Terreur, mais elle ne peut pleinement se comprendre qu&#x2019;en consid&#xE9;ration du statut que rev&#xEA;t pour lui la douleur d&#x2019;un autre corps. Ce statut est aussi intime que celui de la douleur du corps propre et cela explique l&#x2019;affinit&#xE9; que le meurtre rev&#xEA;t aux yeux de Sade avec un &#xE9;tat extatique. On montrera comment c&#x2019;est d&#x2019;ailleurs &#xE0; partir d&#x2019;une &#xE9;thique du d&#xE9;sir que Sade r&#xE9;siste par son &#xE9;criture &#xE0; l&#x2019;exercice froid de la peine de mort promu au nom de la loi par Robespierre.</subfield>
  </datafield>
  <datafield tag="520" ind1=" " ind2=" ">
    <subfield code="a">George Bataille repeatedly wondered why Sade was opposed to the death penalty. Following Bataille, I shall approach the issue focussing on Sade&#x2019;s writing practice and on the political background (the Terror led by Robespierre). Actually, Sade&#x2019;s position can only be approached through an understanding of the status he grants to the suffering of another body. This status is just as intimate as the suffering of one&#x2019;s own body and this explains the similitude between murder and ecstasy. We shall show how, through an ethics of desire, Sade opposes his writing practice to the practice of the death penalty promoted by Robespierre.</subfield>
  </datafield>
  <datafield tag="690" ind1=" " ind2=" ">
    <subfield code="a">douleur</subfield>
  </datafield>
  <datafield tag="690" ind1=" " ind2=" ">
    <subfield code="a">&#xE9;criture</subfield>
  </datafield>
  <datafield tag="690" ind1=" " ind2=" ">
    <subfield code="a">&#xE9;thique du d&#xE9;sir</subfield>
  </datafield>
  <datafield tag="690" ind1=" " ind2=" ">
    <subfield code="a">meurtre</subfield>
  </datafield>
  <datafield tag="690" ind1=" " ind2=" ">
    <subfield code="a">peine de mort</subfield>
  </datafield>
  <datafield tag="690" ind1=" " ind2=" ">
    <subfield code="a">politique</subfield>
  </datafield>
  <datafield tag="690" ind1=" " ind2=" ">
    <subfield code="a">death penalty</subfield>
  </datafield>
  <datafield tag="690" ind1=" " ind2=" ">
    <subfield code="a">ethics of desire</subfield>
  </datafield>
  <datafield tag="690" ind1=" " ind2=" ">
    <subfield code="a">murder</subfield>
  </datafield>
  <datafield tag="690" ind1=" " ind2=" ">
    <subfield code="a">pain</subfield>
  </datafield>
  <datafield tag="690" ind1=" " ind2=" ">
    <subfield code="a">politics</subfield>
  </datafield>
  <datafield tag="690" ind1=" " ind2=" ">
    <subfield code="a">writing</subfield>
  </datafield>
  <datafield tag="786" ind1="0" ind2=" ">
    <subfield code="n">Savoirs et clinique | 8 | 1 | 2007-10-18 | p. 59-65 | 1634-3298</subfield>
  </datafield>
  <datafield tag="856" ind1="4" ind2="1">
    <subfield code="u">https://shs.cairn.info/revue-savoirs-et-cliniques-2007-1-page-59?lang=fr&amp;redirect-ssocas=7080</subfield>
  </datafield>
  <datafield tag="999" ind1=" " ind2=" ">
    <subfield code="c">1595245</subfield>
    <subfield code="d">1595245</subfield>
  </datafield>
</record>
